Statistics for 54 Elements

Click here to take the quiz!

General Stats

  • This quiz has been taken 27 times
  • The average score is 35 of 54

Answer Stats

SymbolElement% Correct
FFluorine
89%
HHydrogen
89%
KPotassium
89%
SiSilicon
89%
CuCopper
83%
AuGold
83%
FeIron
83%
NeNeon
83%
OOxygen
83%
SSulfur
83%
BBoron
78%
CCarbon
78%
CoCobalt
78%
UUranium
78%
AlAluminum
72%
CrChromium
72%
PbLead
72%
LiLithium
72%
MgMagnesium
72%
PPhosphorus
72%
RaRadium
72%
NaSodium
72%
BeBeryllium
67%
NiNickel
67%
RbRubidium
67%
AgSilver
67%
XeXenon
67%
ZnZinc
67%
ZrZirconium
67%
ArArgon
61%
AsArsenic
61%
BaBarium
61%
CaCalcium
61%
ClChlorine
61%
HeHelium
61%
IIodine
61%
KrKrypton
61%
NNitrogen
61%
TiTitanium
61%
CeCesium
56%
MnManganese
56%
PuPlutonium
56%
WTungsten
56%
FrFrancium
50%
GaGallium
50%
GeGermanium
50%
HgMercury
50%
RnRadon
50%
BrBromine
44%
MoMolybdenum
44%
PtPlatinum
44%
SnTin
44%
SrStrontium
33%
SbAntimony
28%

Score Distribution

Percentile by Number Answered

Percent of People with Each Score

Your Score History

You have not taken this quiz